[Event "AUTO-MASTER-1780"]
[Site "http://www.queenalice.com/game.php?id=1129356"]
[Date "2012.12.7"]
[Round "1"]
[White "thw"]
[Black "BRANDAO"]
[Result "1-0"]
[WhiteElo "1875"]
[BlackElo "1985"]

1. e4 c5 2. Nf3 d6 3. d4 cxd4 4. Nxd4 Nf6 5. Nc3 a6 6. Bg5 e6 7. f4 Be7 8. Qf3
Nbd7 9. g4 e5 10. Nf5 h6 11. Bxf6 Nxf6 12. Nxg7+ Kf8 13. Nf5 Bxf5 14. exf5 Qb6
15. O-O-O h5 16. g5 Ng4 17. Rd2 Rg8 18. Nd5 Rc8 19. Nxb6 Rc6 20. Nd5 Bd8 21. h3
Ba5 22. hxg4 Bxd2+ 23. Kxd2 b5 24. Nf6 hxg4 25. Qxc6 g3 26. Qxd6+ Kg7 27. Rh7#
1-0

[Event "AUTO-MASTER-1780"]
[Site "http://www.queenalice.com/game.php?id=1129357"]
[Date "2012.12.7"]
[Round "1"]
[White "BRANDAO"]
[Black "thw"]
[Result "0-1"]
[WhiteElo "1982"]
[BlackElo "1913"]

1. c4 c5 2. b4 cxb4 3. d4 g6 4. e4 Bg7 5. Be3 e6 6. Nf3 Ne7 7. Qd2 a5 8. Bd3 O-O
9. Bh6 d6 10. O-O Nbc6 11. Bxg7 Kxg7 12. d5 Ne5 13. Nxe5 dxe5 14. f4 Qb6+ 15.
Rf2 Qd4 16. Nc3 bxc3 17. Qc2 exd5 18. cxd5 Bd7 19. a4 exf4 20. Rf1 Bxa4 21. Qb1
Rab8 22. Kh1 Rfc8 23. Rxf4 Be8 24. Qa1 Qxd3 25. Rd1 Qe3 26. Rf3 Qxe4 27. Re1
Qxd5 28. Rxe7 Kg8 29. Qe1 Kf8 30. Rfe3 c2 31. h3 c1=Q 32. Rxe8+ Rxe8 33. Qxc1
Rxe3 34. Qxe3 Re8 35. Qc3 Kg8 36. h4 Qd1+ 37. Kh2 Qh5 38. Kh3 Qf5+ 39. Kh2 Qe5+
40. Qxe5 Rxe5 41. h5 Rxh5+ 42. Kg3 Rf5 0-1

[Event "AUTO-MASTER-1780"]
[Site "http://www.queenalice.com/game.php?id=1129364"]
[Date "2012.12.7"]
[Round "1"]
[White "Artking"]
[Black "BRANDAO"]
[Result "0-1"]
[WhiteElo "1720"]
[BlackElo "1970"]

1. d4 Nf6 2. c4 g6 3. Nc3 Bg7 4. e4 d6 5. f4 O-O 6. Nf3 b6 7. Bd3 Bg4 8. O-O c5
9. d5 Nbd7 10. h3 Bxf3 11. Qxf3 e5 12. f5 a6 13. Bg5 h6 14. Bh4 g5 15. Be1 Kh7
16. Ne2 Rh8 17. Ng3 Kg8 18. Nh5 Nxh5 19. Qxh5 Nf6 20. Qf3 h5 21. Bd2 g4 22. hxg4
Nxg4 23. Be1 Qg5 24. g3 Bh6 0-1

[Event "AUTO-MASTER-1780"]
[Site "http://www.queenalice.com/game.php?id=1129365"]
[Date "2012.12.7"]
[Round "1"]
[White "BRANDAO"]
[Black "Artking"]
[Result "1-0"]
[WhiteElo "1963"]
[BlackElo "1727"]

1. c4 Nf6 2. g3 g6 3. Nc3 Bg7 4. Bg2 c6 5. d4 O-O 6. e4 d6 7. d5 a6 8. Bg5 Nbd7
9. Nf3 h6 10. Be3 c5 11. O-O Ng4 12. Bc1 Nde5 13. Nxe5 Nxe5 14. b3 Ng4 15. Bb2
Ne5 16. f4 Ng4 17. Qd2 h5 18. h3 Nh6 19. Na4 f6 20. Rae1 b5 21. cxb5 axb5 22.
Nc3 Bd7 23. a4 bxa4 24. bxa4 Qc8 25. f5 gxf5 26. exf5 1-0

[Event "AUTO-MASTER-1785"]
[Site "http://www.queenalice.com/game.php?id=1131383"]
[Date "2012.12.15"]
[Round "1"]
[White "BRANDAO"]
[Black "alexsandrob3478"]
[Result "0-1"]
[WhiteElo "1969"]
[BlackElo "1878"]

1. d4 Nf6 2. c4 e6 3. Nc3 Bb4 4. Qc2 d5 5. Bd2 c6 6. b3 dxc4 7. bxc4 Qxd4 8. e3
Qd8 9. Rd1 Qe7 10. Nf3 O-O 11. Be2 Nbd7 12. h4 Rd8 13. O-O Nf8 14. Rb1 N8d7 15.
Rfd1 h6 16. Nh2 Nh7 17. Nf3 a5 18. Ne4 Bxd2 19. Rxd2 Nhf6 20. Nxf6+ Nxf6 21.
Rxd8+ Qxd8 22. Ne5 Nd7 23. Rd1 Qc7 24. Nxd7 Bxd7 25. Qd3 Rd8 26. Bg4 g6 27. f4
Kf8 28. g3 Ke7 29. e4 Qb6+ 30. Kg2 Be8 31. Qa3+ Qb4 32. Qxb4+ axb4 33. Rxd8 Kxd8
34. c5 Kc7 35. f5 exf5 36. exf5 Bd7 37. fxg6 fxg6 38. Kf3 Bxg4+ 39. Kxg4 b6 40.
cxb6+ Kxb6 41. h5 g5 42. Kf5 c5 43. Kg6 c4 44. Kxh6 c3 45. Kxg5 c2 46. h6 c1=Q+
47. Kg6 Qb2 48. h7 Qh8 0-1

[Event "AUTO-MASTER-1785"]
[Site "http://www.queenalice.com/game.php?id=1131384"]
[Date "2012.12.15"]
[Round "1"]
[White "alexsandrob3478"]
[Black "BRANDAO"]
[Result "0-1"]
[WhiteElo "1910"]
[BlackElo "1972"]

1. d4 Nf6 2. c4 g6 3. Nc3 Bg7 4. e4 O-O 5. f3 d6 6. Be3 Re8 7. Qd2 e5 8. Nge2
Nh5 9. g4 Nf6 10. h4 Kh8 11. d5 c5 12. Bh6 Rg8 13. Ng3 Qa5 14. Bxg7+ Rxg7 15. h5
a6 16. hxg6 fxg6 17. g5 Ng8 18. Bh3 Nd7 19. f4 Nb6 20. b3 Bxh3 21. Rxh3 Rf8 22.
f5 gxf5 23. Nxf5 Rg6 24. O-O-O Qa3+ 25. Kb1 a5 26. Rdh1 Rf7 27. Nb5 Qb4 28. Qh2
Nf6 29. Nbxd6 Rd7 30. Ne8 Nbxd5 31. Rxh7+ Nxh7 32. Qxh7+ Rxh7 33. Nh6 Nc3+ 34.
Kb2 Na4+ 35. Kb1 Nc3+ 36. Kb2 Nxe4 37. Nf7+ Kg8 38. Nh6+ Kf8 39. Nf6 Qd2+ 40.
Ka3 Nxf6 0-1

[Event "AUTO-MASTER-1785"]
[Site "http://www.queenalice.com/game.php?id=1131385"]
[Date "2012.12.15"]
[Round "1"]
[White "BRANDAO"]
[Black "Constante"]
[Result "0-1"]
[WhiteElo "1915"]
[BlackElo "1858"]

1. d4 Nf6 2. c4 e6 3. Nc3 Bb4 4. a3 Bxc3+ 5. bxc3 b6 6. Nf3 Bb7 7. Bg5 h6 8. Be3
Nc6 9. g3 Na5 10. Bg2 Nxc4 11. O-O O-O 12. Ne5 Bxg2 13. Kxg2 Nd5 14. Nxc4 Nxc3
15. Qc2 Nd5 16. Bd2 Qf6 17. e4 Ne7 18. e5 Qf5 19. Qxf5 Nxf5 20. Rac1 Nxd4 21. f4
Rfd8 22. Bb4 Nc6 23. Bd2 Nd4 24. Rcd1 Nb3 25. Bc3 Nc5 26. Bb4 a5 27. Bxc5 bxc5
28. Rb1 d5 29. Nd2 Rab8 30. Rxb8 Rxb8 31. Rb1 Rb6 32. Kf3 c4 33. Rxb6 cxb6 34.
Ke3 Kf8 35. Kd4 Ke7 36. Nb1 Kd7 37. Nc3 Kc6 38. a4 g6 39. g4 Kd7 40. h4 Ke7 41.
g5 h5 42. Nb5 Kd7 43. Na7 Kc7 44. Nb5+ Kd7 45. Nd6 c3 46. Kxc3 Kc6 47. Kd4 Kd7
48. Nxf7 Kc7 0-1

[Event "AUTO-MASTER-1785"]
[Site "http://www.queenalice.com/game.php?id=1131386"]
[Date "2012.12.15"]
[Round "1"]
[White "Constante"]
[Black "BRANDAO"]
[Result "1-0"]
[WhiteElo "1838"]
[BlackElo "1935"]

1. e4 c5 2. Nf3 d6 3. d4 cxd4 4. Nxd4 Nf6 5. Nc3 g6 6. Be3 Bg7 7. f3 O-O 8. Qd2
Nc6 9. Bc4 e5 10. Ndb5 Ne8 11. Nd5 Be6 12. O-O-O Bxd5 13. Bxd5 a6 14. Nc3 Nf6
15. Bg5 Rc8 16. h3 Ne7 17. Bxb7 Rb8 18. Bd5 Qb6 19. Bb3 Rfd8 20. Be3 Qc7 21. h4
Nh5 22. Nd5 Nxd5 23. Qxd5 Bf8 24. Bd2 Rb5 25. Qd3 Rdb8 26. Bc3 Nf4 27. Qd2 Bh6
28. Kb1 Bf8 29. g3 Nh5 30. Rhg1 a5 31. Bd5 Qb6 32. b3 Rc5 33. f4 a4 34. fxe5
axb3 35. cxb3 Bg7 36. Rgf1 Rf8 37. Rf3 dxe5 38. Bb4 Rxd5 39. exd5 e4 40. Bxf8
exf3 41. Bxg7 Nxg7 42. Rf1 Nf5 43. Rxf3 Qg1+ 44. Kb2 Qb6 45. Rc3 Kg7 46. Rc6 Qd8
47. Qc3+ Kh6 48. Qd3 1-0

[Event "AUTO-MASTER-1785"]
[Site "http://www.queenalice.com/game.php?id=1131387"]
[Date "2012.12.15"]
[Round "1"]
[White "BRANDAO"]
[Black "clovis"]
[Result "1-0"]
[WhiteElo "1985"]
[BlackElo "1954"]

1. d4 d5 2. c4 c6 3. Nc3 e6 4. Bf4 Bd6 5. Bxd6 Qxd6 6. c5 Qe7 7. Nf3 Nf6 8. Ne5
Nbd7 9. Nxd7 Bxd7 10. f3 e5 11. h3 Nh5 12. Qd2 Qh4+ 13. Kd1 Qf2 14. dxe5 Ng3 15.
Rh2 Qxf1+ 16. Qe1 Qxe1+ 17. Kxe1 O-O 18. Kf2 Nf5 19. g4 Ne7 20. h4 f6 21. exf6
Rxf6 22. Rg1 Raf8 23. g5 Rf4 24. Ke1 Nf5 25. h5 d4 26. Ne4 Re8 27. h6 g6 28.
Nf6+ Kf7 29. Nxd7 Rxf3 30. Nf6 Re5 31. Kd2 Rg3 32. Rxg3 Nxg3 33. Rf2 Ke6 34. Kd3
Rxg5 35. Nxh7 Rxc5 36. Rf6+ Ke7 37. Rxg6 Nxe2 38. Rg7+ Kd6 39. Kxe2 Rh5 40. Rg6+
Ke5 41. Rg5+ Rxg5 42. Nxg5 1-0

[Event "AUTO-MASTER-1785"]
[Site "http://www.queenalice.com/game.php?id=1131388"]
[Date "2012.12.15"]
[Round "1"]
[White "clovis"]
[Black "BRANDAO"]
[Result "1-0"]
[WhiteElo "2034"]
[BlackElo "1998"]

1. e4 c5 2. Nf3 d6 3. d4 cxd4 4. Qxd4 Nc6 5. Bb5 Bd7 6. Qd3 a6 7. Bc4 e6 8. Nc3
b5 9. Bb3 Nb4 10. Qe2 Nf6 11. Bg5 Be7 12. Rd1 h6 13. Bh4 Nh5 14. Bxe7 Qxe7 15.
Ne5 Nf4 16. Qd2 dxe5 17. O-O Rd8 18. Qd6 Qxd6 19. Rxd6 Ke7 20. Rfd1 Bc8 21. a3
Nc6 22. Rxc6 Ne2+ 23. Kf1 Nd4 24. Rc7+ Kf6 25. Ne2 Nxe2 26. Kxe2 Rxd1 27. Kxd1
Rd8+ 28. Ke2 a5 29. a4 bxa4 30. Bxa4 Ba6+ 31. Ke3 Rc8 32. Ra7 Bf1 33. g3 g5 34.
Rxa5 h5 35. Bb3 Bh3 36. c4 Rb8 37. Rb5 Rxb5 38. cxb5 Bf1 39. b6 Ba6 40. Bd1 g4
41. Be2 Bb7 42. Kd3 Ke7 43. Kc4 Kd6 44. Kb5 f5 45. Ka5 Kd7 46. Ba6 Kc8 47. exf5
exf5 48. Bxb7+ Kxb7 49. Kb5 f4 50. Kc5 1-0

[Event "AUTO-MASTER-1798"]
[Site "http://www.queenalice.com/game.php?id=1138527"]
[Date "2013.1.8"]
[Round "1"]
[White "Artking"]
[Black "BRANDAO"]
[Result "0-1"]
[WhiteElo "1714"]
[BlackElo "1976"]

1. d4 Nf6 2. c4 g6 3. Nc3 Bg7 4. e4 d6 5. f4 O-O 6. Nf3 e5 7. d5 Nbd7 8. b4 a5
9. Bd3 axb4 10. Ne2 exf4 11. Bb2 Ng4 12. Bxg7 Kxg7 13. Nxf4 Nde5 14. h3 Nxf3+
15. gxf3 Qh4+ 16. Kd2 Nf2 0-1

[Event "AUTO-MASTER-1798"]
[Site "http://www.queenalice.com/game.php?id=1138528"]
[Date "2013.1.8"]
[Round "1"]
[White "BRANDAO"]
[Black "Artking"]
[Result "1-0"]
[WhiteElo "1956"]
[BlackElo "1734"]

1. d4 Nf6 2. c4 g6 3. Nc3 Bg7 4. e4 d6 5. h3 O-O 6. Nf3 Nbd7 7. Be3 e5 8. Qd2 c6
9. O-O-O a6 10. Bh6 b5 11. Bxg7 Kxg7 12. g4 b4 13. Nb1 Nxe4 14. Qxb4 Nxf2 15.
Qxd6 Nxh1 16. dxe5 1-0

[Event "AUTO-MASTER-1798"]
[Site "http://www.queenalice.com/game.php?id=1138541"]
[Date "2013.1.8"]
[Round "1"]
[White "BRANDAO"]
[Black "krystek23"]
[Result "0-1"]
[WhiteElo "1897"]
[BlackElo "2269"]

1. d4 Nf6 2. c4 g6 3. Nc3 Bg7 4. e4 d6 5. Nf3 c6 6. Bg5 Nbd7 7. Be2 Nf8 8. h3 h6
9. Be3 N6d7 10. g4 h5 11. Nh2 hxg4 12. Bxg4 Qa5 13. Qd2 Nb6 14. b3 f5 15. Be2
Rxh3 16. O-O-O f4 17. Bg4 fxe3 18. fxe3 Rxh2 19. Rxh2 Bxg4 20. Rg1 Bd7 21. Rf2
Bf6 22. Rgf1 g5 23. e5 dxe5 24. dxe5 Qxe5 25. Kc2 O-O-O 26. Qe1 Bh3 27. Rh1 Bf5+
28. Kb2 Rd3 29. Rc2 Rxe3 0-1

[Event "AUTO-MASTER-1798"]
[Site "http://www.queenalice.com/game.php?id=1138542"]
[Date "2013.1.8"]
[Round "1"]
[White "krystek23"]
[Black "BRANDAO"]
[Result "1-0"]
[WhiteElo "2269"]
[BlackElo "1897"]

1. c4 Nf6 2. Nc3 g6 3. e3 Bg7 4. d4 O-O 5. Nf3 d6 6. Be2 e5 7. dxe5 dxe5 8. Qxd8
Rxd8 9. Nxe5 Nbd7 10. Nd3 Nf8 11. e4 Be6 12. Nc5 b6 13. N5a4 Rd7 14. O-O Rad8
15. c5 Bg4 16. Bb5 Re7 17. Bg5 h6 18. Bxf6 Bxf6 19. Nd5 Rxd5 20. exd5 Nd7 21. h3
Be2 22. d6 cxd6 23. cxd6 Bxb5 24. dxe7 Bxe7 25. Rfe1 Bb4 26. Nc3 Bxc3 27. bxc3
Nc5 28. Re7 a6 29. Rc7 Ne4 30. Rd1 1-0

[Event "AUTO-MASTER-1798"]
[Site "http://www.queenalice.com/game.php?id=1138543"]
[Date "2013.1.8"]
[Round "1"]
[White "BRANDAO"]
[Black "jupar"]
[Result "0-1"]
[WhiteElo "1987"]
[BlackElo "2016"]

1. d4 d5 2. c4 e6 3. Nc3 c6 4. Nf3 Nf6 5. Bg5 Be7 6. e3 O-O 7. Bd3 Nbd7 8. Qc2
h6 9. Bh4 g5 10. Bg3 Nh5 11. c5 Nxg3 12. hxg3 Kg7 13. Nh2 e5 14. O-O e4 15. Be2
Nf6 16. f4 g4 17. f5 h5 18. b4 b6 19. Rad1 Qc7 20. Rf4 Bd7 21. Rdf1 Rg8 22. a4
Bd8 23. b5 bxc5 24. dxc5 Qc8 25. Qb2 Bc7 26. R4f2 Bxg3 27. Nd1 Bxf2+ 28. Nxf2 g3
29. Nfg4 gxh2+ 30. Nxh2 Rh8 31. g4 hxg4 32. Nxg4 Qd8 33. Ne5 Rb8 34. Rf2 Rg8 35.
Rg2+ Kf8 36. Rxg8+ Nxg8 37. Bg4 cxb5 38. Nxd7+ Qxd7 39. Qe5 Re8 40. Qh8 b4 41.
Kf2 b3 42. Bh3 Qe7 43. c6 Qf6 44. Qh5 Qxc6 45. Qh8 Qf6 46. Qh5 d4 0-1

[Event "AUTO-MASTER-1798"]
[Site "http://www.queenalice.com/game.php?id=1138544"]
[Date "2013.1.8"]
[Round "1"]
[White "jupar"]
[Black "BRANDAO"]
[Result "1-0"]
[WhiteElo "2031"]
[BlackElo "1972"]

1. d4 Nf6 2. c4 g6 3. Nc3 Bg7 4. Nf3 O-O 5. Bf4 d6 6. e4 Nh5 7. Be3 f5 8. exf5
Bxf5 9. Bd3 e5 10. dxe5 dxe5 11. Bg5 Qxd3 12. Nd5 Qxd1+ 13. Kxd1 Be4 14. Nxc7
Bxf3+ 15. gxf3 Nc6 16. Nxa8 Rxa8 17. Be3 Rd8+ 18. Ke2 Nf4+ 19. Kf1 Nb4 20. a3
Nc2 21. Rb1 Nxe3+ 22. fxe3 Nd3 23. Ke2 a5 24. Rhd1 e4 25. fxe4 Nc5 26. Rxd8+ Kf7
27. b4 Nxe4 28. Kf3 Ng5+ 29. Kg4 Bf6 30. Rd7+ Ke6 31. Rxb7 h5+ 32. Kg3 Be5+ 33.
Kg2 Kf5 34. h4 Ne4 35. Rf7+ Kg4 36. Re7 Nc3 37. Rb3 Bf6 38. Re6 a4 39. Rxc3 Bxc3
40. Rxg6+ Kxh4 41. Rg3 Be5 42. Rf3 Kg4 43. c5 h4 44. e4 Bg3 45. Rxg3+ hxg3 46.
c6 1-0

[Event "AUTO-ADV-2601"]
[Site "http://www.queenalice.com/game.php?id=1148622"]
[Date "2013.2.4"]
[Round "2"]
[White "Belbo"]
[Black "BRANDAO"]
[Result "0-1"]
[WhiteElo "2110"]
[BlackElo "1963"]

1. e4 c5 2. Nf3 d6 3. d4 cxd4 4. Nxd4 Nf6 5. Nc3 e5 6. Bb5+ Bd7 7. Bxd7+ Nbxd7
8. Nf5 Nc5 9. Bg5 h6 10. Bxf6 gxf6 11. O-O Qb6 12. Nd5 Qd8 13. Qe2 Rc8 14. Rad1
Qa5 15. b4 Qa6 16. bxc5 Qxe2 0-1

[Event "AUTO-ADV-2601"]
[Site "http://www.queenalice.com/game.php?id=1148623"]
[Date "2013.2.4"]
[Round "2"]
[White "BRANDAO"]
[Black "Belbo"]
[Result "0-1"]
[WhiteElo "2001"]
[BlackElo "2058"]

1. d4 Nf6 2. c4 g6 3. Nc3 Bg7 4. e4 d6 5. f3 O-O 6. Be3 e5 7. Nge2 Nc6 8. d5 Ne7
9. Qd2 c5 10. h4 h5 11. Bh6 a6 12. Bxg7 Kxg7 13. O-O-O b5 14. Ng3 b4 15. Na4 Bd7
16. b3 Bxa4 17. bxa4 Qa5 18. Qc2 Nd7 19. Ne2 f5 20. g4 hxg4 21. fxg4 fxg4 22. h5
Rf2 23. Qd2 Qxa4 24. hxg6 Qa3+ 25. Kb1 Nxg6 26. Qh6+ Kf6 27. Qd2 b3 28. Rh5 Nb6
29. Qg5+ Kg7 30. Qh6+ Kf7 31. Qh7+ Kf6 32. axb3 Nxc4 33. bxc4 Rb8+ 34. Kc2 Rb2+
0-1

[Event "AUTO-ADV-2601"]
[Site "http://www.queenalice.com/game.php?id=1148626"]
[Date "2013.2.4"]
[Round "2"]
[White "BRANDAO"]
[Black "jpolgar99"]
[Result "1-0"]
[WhiteElo "1955"]
[BlackElo "1700"]

1. d4 Nf6 2. c4 g6 3. Nc3 Bg7 4. e4 d6 5. Nf3 O-O 6. Bg5 h6 7. Be3 Kh7 8. Qd2
Nc6 9. h3 e5 10. d5 Ne7 11. g4 Nfg8 12. Be2 c6 13. O-O-O cxd5 14. Nxd5 Be6 15.
Kb1 Re8 16. Nh4 a6 17. f4 Nxd5 18. exd5 exf4 19. Bf2 Bd7 20. Nf3 b5 21. cxb5
axb5 22. Rhe1 1-0

[Event "AUTO-ADV-2601"]
[Site "http://www.queenalice.com/game.php?id=1148627"]
[Date "2013.2.4"]
[Round "2"]
[White "jpolgar99"]
[Black "BRANDAO"]
[Result "0-1"]
[WhiteElo "1706"]
[BlackElo "1949"]

1. e4 c5 2. Nf3 d6 3. d4 cxd4 4. Nxd4 Nf6 5. Nc3 a6 6. Bg5 e6 7. f4 Qb6 8. Nb3
Qe3+ 9. Qe2 Qxe2+ 10. Bxe2 Be7 11. O-O-O Nc6 12. Bxf6 gxf6 13. g4 b5 14. f5 Bb7
15. Bd3 O-O-O 16. Rhg1 Nb4 17. h4 Rhg8 18. Kb1 h6 19. a3 Nxd3 20. cxd3 Kb8 21.
Na5 Ba8 0-1

[Event "AUTO-ADV-2585"]
[Site "http://www.queenalice.com/game.php?id=1153460"]
[Date "2013.2.19"]
[Round "2"]
[White "hba111"]
[Black "BRANDAO"]
[Result "1-0"]
[WhiteElo "2691"]
[BlackElo "2000"]

1. e4 c5 2. c3 d6 3. d4 cxd4 4. cxd4 Nf6 5. Nc3 e6 6. Be3 Nc6 7. Bd3 Be7 8. Nf3
Ng4 9. Bd2 Nb4 10. Qa4+ Nc6 11. d5 exd5 12. exd5 Qb6 13. dxc6 Qxf2+ 14. Kd1 O-O
15. cxb7 Bxb7 16. Qxg4 Rab8 17. Rf1 Bxf3+ 18. Qxf3 Qxf3+ 19. Rxf3 Rxb2 20. Rb1
Rxb1+ 21. Bxb1 1-0

[Event "AUTO-ADV-2585"]
[Site "http://www.queenalice.com/game.php?id=1153461"]
[Date "2013.2.19"]
[Round "2"]
[White "BRANDAO"]
[Black "hba111"]
[Result "0-1"]
[WhiteElo "1974"]
[BlackElo "2702"]

1. d4 d5 2. c4 e6 3. Nc3 c5 4. cxd5 exd5 5. Nf3 cxd4 6. Nxd4 Nf6 7. Bg5 Be7 8.
Qb3 h6 9. Bxf6 Bxf6 10. O-O-O Nc6 11. Ndb5 d4 12. Ne4 O-O 13. e3 Be6 14. Qa4 a6
15. Nbd6 Be7 16. Nc4 b5 17. Qb3 bxc4 18. Bxc4 Na5 19. Qa4 Nxc4 20. Rxd4 Qc7 21.
Kb1 Rfb8 22. b3 Na3+ 23. Ka1 Bf5 24. f3 Bxe4 25. fxe4 Qc3# 0-1

[Event "AUTO-ADV-2585"]
[Site "http://www.queenalice.com/game.php?id=1153462"]
[Date "2013.2.19"]
[Round "2"]
[White "carlosfed"]
[Black "BRANDAO"]
[Result "0-1"]
[WhiteElo "1775"]
[BlackElo "1994"]

1. e4 c5 2. Bc4 d6 3. h3 a6 4. Nf3 b5 5. Be2 Nc6 6. d3 Nf6 7. a3 e6 8. Bg5 Be7
9. Nbd2 h6 10. Bf4 g5 11. Bh2 Nd4 12. Nxd4 cxd4 13. Nb3 d5 14. e5 Nd7 15. Nxd4
Qb6 16. Nf3 Bb7 17. d4 Rc8 18. O-O f5 19. c3 Kf7 0-1

[Event "AUTO-ADV-2585"]
[Site "http://www.queenalice.com/game.php?id=1153463"]
[Date "2013.2.19"]
[Round "2"]
[White "BRANDAO"]
[Black "carlosfed"]
[Result "1-0"]
[WhiteElo "1986"]
[BlackElo "1783"]

1. d4 d5 2. c4 e6 3. Nc3 Nf6 4. Bg5 Be7 5. Nf3 Nbd7 6. e3 a6 7. Be2 Ng4 8. Bxe7
Qxe7 9. cxd5 e5 10. Nxe5 Ngxe5 11. dxe5 Qxe5 12. O-O Nf6 13. Qa4+ Bd7 14. Qb3 b5
15. Rad1 Bg4 16. Bxg4 Nxg4 17. g3 O-O 18. Ne2 Qh5 19. h4 1-0